000 00283nam a22001217a 4500
008 170801b xxu||||| |||| 00| 0 eng d
041 _aeng
080 _a004
100 _a32
101 _aSHKI
245 _aOPTIMIERUNG INFORMATIONSUBERTRAGENDER SYSTEME
_cSEIDLER
942 _2udc
_cBK
999 _c22347
_d22347